Króliki inspirowane postaciami z marvela - Statystyki

Ogólne statystyki
  • Ten quiz został rozwiązany 92 razy
  • Średni wynik to 8 z 10
Statystyki odpowiedzi
Obrazkowy Odpowiedź % Poprawnych
Hulk
98%
Kapitan Ameryka
92%
Iron man
85%
Loki
84%
Thor
84%
Thanos
77%
Doktor Strange
72%
Scarlet Witch
64%
Groot
62%
Rocket
52%
Nie znaleziono quizów pasujących do podanych kryteriów
Rozkład punktacji
Procent ludzi z każdym wynikiem
Percentyl według liczby udzielonych odpowiedzi
Twoja historia wyników
Nie rozwiązałeś tego quizu